| 000 | 01039cam a22001934a 4500 | ||
|---|---|---|---|
| 005 | 20250605164337.0 | ||
| 008 | 250528s ||||||||||||||||||||||||d | ||
| 035 | _a23466 | ||
| 040 |
_aGR-AtMCL _bgre _dGR-AtMCL _eAACR2 |
||
| 245 | 1 | _aSleep Habits and Predictors of Sleep Disturbances. | |
| 260 | _c2010 | ||
| 300 | _a45 | ||
| 520 | _aIntroduction, Theories of Sleep, Sleep Phtsiology, Sleep and Wakefulness, The Sleeo Wake Cycle, Phases and Stages of Sleep State, Duration of Sleep, Sleep and Influencing, Factors, Sleep and Gender, Sleep and Age, Sleep and Neurotransitters, Sleep and Health, Sleep and Physiscal Health, Enhancing and Compromising Helath Behaviors, Sleep Mood and Stress, Sleep Disorders, Major Sleep Disorders, Sleep Deprivation and Functioning, Treatmrnt of Sleep Disorders, Conclusions, Rationale, Methodology, Hypothesses, Partipants, Procedure, Ethical Considerations, References. | ||
| 700 | 1 |
_aLouka Penelope _99017 |
|
| 700 | 1 |
_aMalliou Ioanna _99034 |
|
| 942 | _cDS | ||
| 999 |
_c8476 _d8476 |
||